000 01151cam a2200241 i 4500
001 TB12354
003 IN-BhIIT
005 20250402123305.0
008 231218s2020 enka b 001 0 eng
020 _a9780128110027 (pbk.)
040 _aIN-BhIIT
041 _aeng
082 _a535.2
_bBOY/N
100 1 _aBoyd, Robert W.,
_eAuthor.
_914978
245 1 0 _aNonlinear optics /
_cRobert W. Boyd
250 _a4th ed.
260 _aLondon :
_bElsevier,
_c2020.
300 _axxiii, 609 p. :
_bill. ;
_c25 cm
504 _aIncludes bibliographical references and index.
520 _a"Nonlinear Optics, Fourth Edition, is a tutorial-based introduction to nonlinear optics that is suitable for graduate-level courses in electrical and electronic engineering, and for electronic and computer engineering departments, physics departments, and as a reference for industry practitioners of nonlinear optics. It will appeal to a wide audience of optics, physics and electrical and electronic engineering students, as well as practitioners in related fields, such as materials science and chemistry"
650 0 _aNonlinear optics.
_915420
942 _cTB
999 _c14852
_d14852